Pieces of countries - Statistics

General Stats
  • This quiz has been taken 66 times
  • The average score is 13 of 15
Answer Stats
Picture Answer % Correct
Australia
96%
Italy
96%
Russia
96%
Canada
95%
Usa
95%
Chile
93%
Japan
93%
Philippines
93%
France
82%
Madagascar
82%
New Zealand
78%
UK
78%
Croatia
75%
Iceland
69%
Sweden
65%
No matching quizzes found
Score Distribution
Percent of People with Each Score
Percentile by Number Answered
Your Score History
You have not taken this quiz